MARC

LEADER 00000nam0a2200000 4500
001 275269
005 20231101234816.0
035 |a (RuTPU)RU\TPU\book\298509 
090 |a 275269 
100 |a 20141113d1985 k y0rusy50 ca 
101 0 |a rus 
102 |a RU 
105 |a y z 001zy 
200 1 |a Оптимальное управление и определение переменных состояния систем  |f Московское высшее техническое училище им. Н. Э. Баумана (МВТУ) ; под ред. Л. Н. Лысенко 
210 |a Москва  |c Изд-во МВТУ  |d 1985 
215 |a 70 с. 
225 1 |a Труды Московского высшего технического училища (МВТУ)  |v № 445 
320 |a Библиогр. в конце ст. 
606 1 |a Летательные аппараты  |x Силовое оборудование  |2 stltpush  |3 (RuTPU)RU\TPU\subj\40098  |9 59970 
610 1 |a оптимальное управление 
610 1 |a переменные 
610 1 |a системы 
610 1 |a состояние 
610 1 |a стохастические системы 
610 1 |a переходные процессы 
610 1 |a динамические системы 
675 |a 629.73.03  |v 3 
702 1 |a Лысенко  |b Л. Н.  |4 340 
712 0 2 |a Московское высшее техническое училище им. Н. Э. Баумана (МВТУ)  |c (1943-1989)  |2 stltpush  |3 (RuTPU)RU\TPU\col\3064 
801 1 |a RU  |b 63413507  |c 20141113 
801 2 |a RU  |b 63413507  |c 20160421  |g RCR 
942 |c BK